[Event "Julian Mazur Memorial"]
[Site "Wellington Chess Club"]
[Date "2023.08.03"]
[Round "3.24"]
[White "He, Jacob"]
[Black "Osborne, Geoff"]
[Result "0-1"]
[WhiteElo "889"]
[BlackElo "1434"]

1. e4 c5 2. Bb5 a6 3. Bc4 Nc6 4. Nc3 Nf6 5. Qf3 e6 6. Qe2 Be7 7. Nf3 O-O 8. d3
b5 9. Bb3 Bb7 10. e5 Nd4 11. Nxd4 cxd4 12. exf6 Bxf6 13. Ne4 Be7 14. Qg4 f5 15.
Qg3 fxe4 16. Bh6 Rf7 17. O-O-O Rc8 18. Rhf1 Rc5 19. f3 e3 20. Rde1 Bg5 21. Bxg5
Rxg5 22. Qh4 Qe7 23. f4 Rxg2 24. Qh3 Rg6 25. c3 Bd5 26. Bc2 Bxa2 27. cxd4 Qd6
28. d5 Bxd5 29. d4 Rh6 30. Qxe3 Rhf6 31. Rf2 Rxf4 32. Rxf4 Qxf4 33. Qxf4 Rxf4
34. Rd1 Rh4 35. Rd2 g5 36. Bd3 Kg7 37. Bb1 h6 38. Kc2 Be4+ 39. Kc1 Bxb1 40.
Kxb1 Rh3 41. Kc2 d5 42. b4 Rf3 43. Rd3 Rxd3 44. Kxd3 Kf6 0-1

[Event "Julian Mazur Memorial"]
[Site "Wellington Chess Club"]
[Date "2023.08.03"]
[Round "3.26"]
[White "Joseph, Joji Chacko"]
[Black "Milsom, Marcel"]
[Result "1-0"]
[WhiteElo "1305"]
[BlackElo "1000"]

1. e4 c5 2. Nf3 d6 3. d4 cxd4 4. Nxd4 Nf6 5. Nc3 a6 6. Be3 e5 7. Nb3 Be7 8. Qd2
O-O 9. O-O-O b5 10. Bg5 Be6 11. Bxf6 Bxf6 12. Qxd6 Qxd6 13. Rxd6 Bxb3 14. axb3
Be7 15. Rd1 Nc6 16. Nd5 Bg5+ 17. Kb1 Rfd8 18. Be2 Ne7 19. Nc7 Rxd1+ 20. Rxd1
Rc8 21. Nxa6 f5 22. exf5 Nxf5 23. Bg4 g6 24. Rd5 Bf6 25. Rxb5 Rd8 26. Rb8 Rxb8
27. Nxb8 Bh4 28. Bxf5 gxf5 29. g3 f4 30. Nc6 Bf6 31. c4 e4 32. gxf4 Bh4 33. Kc1
Bxf2 34. Kd1 Kf7 35. Ke2 e3 36. Ne5+ Ke6 37. Ng4 Bh4 38. Nxe3 Bf6 39. Nd1 Kd6
40. Kd3 Kc5 41. Nc3 Kb4 42. Nd5+ 1-0

[Event "Julian Mazur Memorial"]
[Site "Wellington Chess Club"]
[Date "2023.08.10"]
[Round "4.1"]
[White "Ker, Anthony"]
[Black "Dive, Russell"]
[Result "0-1"]
[WhiteElo "2399"]
[BlackElo "2327"]

1. e4 e5 2. Nf3 Nf6 3. d4 Nxe4 4. Bd3 d5 5. dxe5 Nc5 6. O-O Be7 7. a3 O-O 8. b4
Nxd3 9. Qxd3 a5 10. b5 c5 11. Rd1 Be6 12. Nc3 d4 13. Ne4 h6 14. Bf4 Nd7 15. c3
dxc3 16. Qxc3 Qc7 17. Qe3 Rfd8 18. Nf6+ Kh8 19. Nd5 Bxd5 20. Rxd5 Qb6 21. Rad1
Nf8 22. a4 Rxd5 23. Rxd5 Rc8 24. Nd2 Qg6 25. Nc4 Ne6 26. g3 Qb1+ 27. Qc1 Qe4
28. Rd7 Nd4 29. Qe3 Nf3+ 30. Kh1 Qxc4 31. Kg2 Qe6 32. Rxb7 Nd4 33. Ra7 g5 34.
Ra6 Qd5+ 35. Kh3 Kg7 36. Rxa5 g4+ 0-1

[Event "Julian Mazur Memorial"]
[Site "Wellington Chess Club"]
[Date "2023.08.10"]
[Round "4.2"]
[White "Winter, Ryan"]
[Black "Cilia Vincenti, David"]
[Result "1/2-1/2"]
[WhiteElo "2256"]
[BlackElo "2124"]

1. e4 e5 2. Nf3 Nc6 3. Bb5 a6 4. Ba4 Nf6 5. d3 d6 6. c3 g6 7. O-O Bg7 8. Re1
O-O 9. Nbd2 b5 10. Bc2 d5 11. exd5 Nxd5 12. Nf1 h6 13. a4 Bg4 14. Ne3 Nxe3 15.
Bxe3 Qd5 16. Bb3 Qd6 17. h3 Bf5 18. Qc1 Bxd3 19. axb5 axb5 20. Rxa8 Rxa8 21.
Bxh6 e4 22. Bxg7 Kxg7 23. Ng5 f5 24. Ne6+ Kh7 25. Ng5+ Kg7 26. Nf7 Qe7 27. Qh6+
Kf6 28. Bd5 Qc5 29. Qh4+ Kg7 30. Qh6+ Kf6 31. Qg5+ Kg7 32. Ne5 Nxe5 33. Bxa8
Bc4 34. Qe3 Qd6 35. Qd4 Qxd4 36. cxd4 Nd3 37. Rb1 Nf4 38. Kh2 Ne2 39. d5 Nf4
40. Rc1 (40. b3) 40... Kf6 41. b3 Bxb3 42. Rxc7 Bxd5 43. Bxd5 Nxd5 44. Rc5 Ke5
45. Rxb5 f4 46. Kg1 e3 47. fxe3 fxe3 48. Kf1 Ke4 49. Ra5 Nf4 50. Ra4+ Kf5 51.
Ra2 Ke4 52. h4 (52. Ra8) 52... e2+ 53. Rxe2+ Nxe2 54. Kxe2 Kf4 55. Kf2 Kg4 56.
g3 g5 57. hxg5 Kxg5 1/2-1/2

[Event "Julian Mazur Memorial"]
[Site "Wellington Chess Club"]
[Date "2023.08.10"]
[Round "4.3"]
[White "Sellen, Ian"]
[Black "Rossiter, Philip E"]
[Result "1-0"]
[WhiteElo "2039"]
[BlackElo "1794"]

1. c4 e5 2. Nc3 Nc6 3. g3 g6 4. Bg2 Bg7 5. Nf3 Nge7 6. O-O O-O 7. a3 f5 8. d3
d6 9. e3 h6 10. Qc2 Be6 11. Rd1 Qd7 12. b4 Rae8 13. Rb1 d5 14. Bb2 d4 15. Na4
b6 16. b5 Nd8 17. exd4 exd4 18. Re1 c5 19. bxc6 Ndxc6 20. Bc1 Bf7 21. c5 Nd5
22. cxb6 axb6 23. Nxb6 Rxe1+ 24. Nxe1 Qe7 25. Bg5 hxg5 26. Bxd5 Bxd5 27. Nxd5
Qd6 28. Qc4 Kh7 29. Rb6 Rc8 30. Nb4 Qe7 31. Rxc6 Qxe1+ 32. Kg2 Re8 33. Qf7 Qe7
34. Qxg6+ Kh8 35. Nd5 Qd7 36. Rd6 Qc8 37. Qxg5 Qb7 38. Qh5+ Kg8 39. Qxe8+ 1-0

[Event "Julian Mazur Memorial"]
[Site "Wellington Chess Club"]
[Date "2023.08.10"]
[Round "4.4"]
[White "Van der Hoorn, Thomas"]
[Black "Thirkell, Zachary"]
[Result "1-0"]
[WhiteElo "2138"]
[BlackElo "1799"]

1. e4 c6 2. Nf3 d5 3. Nc3 Bg4 4. h3 Bh5 5. g4 dxe4 6. Nxe4 Bg6 7. Qe2 Bxe4 8.
Qxe4 Nf6 9. Qe2 e6 10. d3 Bd6 11. Bg5 Nbd7 12. Bg2 Qc7 13. Nd2 h6 14. Be3 Nd5
15. Ne4 Nxe3 16. Nxd6+ Qxd6 17. fxe3 Qg3+ 18. Qf2 Qxf2+ 19. Kxf2 Ke7 20. Rhf1
Rhf8 21. Kg3 Nb6 22. Rae1 Na4 23. h4 Rab8 24. b3 Nc3 25. a4 Nd5 26. Bxd5 cxd5
27. e4 Rbc8 28. Rf2 dxe4 29. Rxe4 Rc3 30. Kf3 Rfc8 31. Ree2 f6 32. Ke3 e5 33.
Ke4 Rd8 34. Kf5 Kf7 35. h5 Rd4 36. Rxe5 Rdxd3 37. cxd3 fxe5 38. Kxe5+ Ke7 39.
d4 Re3+ (39... Rxb3) 40. Kf5 Rxb3 41. Kg6 Rb4 42. Kxg7 Rxd4 43. g5 hxg5 44. h6
Rxa4 45. h7 Rh4 46. Rf7+ Ke6 47. Rxb7 Rxh7+ 48. Kxh7 Kf5 49. Kh6 g4 50. Kh5 g3
51. Rxa7 Kf4 52. Kh4 g2 53. Rg7 Kf3 54. Kh3 1-0

[Event "Julian Mazur Memorial"]
[Site "Wellington Chess Club"]
[Date "2023.08.10"]
[Round "4.5"]
[White "Coates, Alex"]
[Black "Timergazi, Layla"]
[Result "0-1"]
[WhiteElo "1745"]
[BlackElo "2137"]

1. d4 c6 2. c4 d5 3. cxd5 cxd5 4. Bf4 Nc6 5. Nc3 Nf6 6. e3 Bf5 7. Bd3 Ne4 8. a3
e6 9. Qc2 Qa5 10. Rd1 Bxa3 11. Ra1 Nb4 12. Bb5+ Qxb5 13. Nxb5 Nxc2+ 14. Ke2
Nxa1 15. bxa3 Rc8 16. Nd6+ Nxd6 17. Bxd6 Rc2+ 18. Kf3 Kd7 19. Bb4 Rc1 0-1

[Event "Julian Mazur Memorial"]
[Site "Wellington Chess Club"]
[Date "2023.08.10"]
[Round "4.6"]
[White "Young, Cohen"]
[Black "Saglam, Yigit"]
[Result "1-0"]
[WhiteElo "2099"]
[BlackElo "1775"]

1. d4 d5 2. c4 e6 3. Nf3 Nf6 4. g3 c5 5. cxd5 exd5 6. Bg2 Nc6 7. O-O cxd4 8.
Nxd4 Bc5 9. Nb3 Be7 10. Nc3 Be6 11. Bg5 O-O 12. Qd2 h6 13. Bxf6 Bxf6 14. Nxd5
Bxb2 15. Qxb2 Bxd5 16. Rfd1 Qg5 17. Rxd5 Qe7 18. Rad1 Rab8 19. Rd7 Qb4 20. a3
Qb5 21. R1d5 Qc4 22. Rf5 Nd8 23. Rc5 Qa4 24. Rcc7 Qb5 25. Qc3 a6 26. Bd5 Qxe2
27. Nd4 Qe5 28. f4 Qf6 29. Nf3 Qb6+ 30. Kg2 Qb1 31. Ne5 Qf5 32. Qb3 b5 33. Nxf7
Nxf7 34. Bxf7+ 1-0

[Event "Julian Mazur Memorial"]
[Site "Wellington Chess Club"]
[Date "2023.08.10"]
[Round "4.7"]
[White "Sethuramalingam, Karthik"]
[Black "Winsley, Nicholas"]
[Result "0-1"]
[WhiteElo "1730"]
[BlackElo "2061"]

1. d4 Nf6 2. Bf4 e6 3. Nf3 d5 4. e3 Be7 5. Bd3 O-O 6. Nbd2 Nbd7 7. Ne5 Nxe5 8.
dxe5 Nd7 9. Qh5 f5 10. g4 g6 11. Qh6 Nc5 12. Be2 d4 13. gxf5 Rxf5 14. Rg1 Bf8
15. Qh3 d3 16. cxd3 Nxd3+ 17. Bxd3 Qxd3 18. O-O-O Rxf4 19. Nf3 Rc4# 0-1

[Event "Julian Mazur Memorial"]
[Site "Wellington Chess Club"]
[Date "2023.08.10"]
[Round "4.8"]
[White "Loke, Kayden"]
[Black "de Maupeou d'Ableiges, Alexandre"]
[Result "1-0"]
[WhiteElo "2045"]
[BlackElo "1753"]

1. c4 e5 2. g3 Nf6 3. Bg2 d5 4. cxd5 Nxd5 5. Nc3 Be6 6. e4 Nf6 7. Nge2 a6 8. d4
exd4 9. Qxd4 Nc6 10. Qxd8+ Rxd8 11. Bf4 Bd6 12. O-O-O O-O 13. Bxd6 cxd6 14. Nd4
Ng4 15. Nxe6 fxe6 16. Rd2 Rxf2 17. Bh3 Rxd2 18. Kxd2 h5 19. Ne2 d5 20. exd5
Rxd5+ 21. Kc1 Nd4 22. Nf4 Rc5+ 23. Kb1 Re5 24. Rd1 Nf3 25. Rd7 b6 26. Nxh5 Nf2
27. Bg2 Nxh2 28. Rxg7+ Kh8 29. Rf7 Nfg4 30. Nf4 Re1+ 31. Kc2 e5 32. Kd2 Kg8 33.
Re7 exf4 34. Rxe1 f3 35. Bh3 f2 36. Rh1 Nf3+ 37. Ke2 Nge5 38. Kxf2 Kf7 39. Ke3
Ng5 40. b3 Ke7 41. Kf4 Ngf7 42. Bf5 Nc6 43. Re1+ Kd6 44. g4 Nce5 45. g5 Nxg5
46. Rxe5 Nf7 47. Re6+ Kc5 48. Rf6 Nd6 49. Rxd6 Kxd6 50. Ke4 Kc5 51. a3 a5 52.
Kd3 a4 53. bxa4 Kd5 54. Bd7 Kd6 55. Bb5 Kd5 56. Ke3 Ke5 57. Kf3 Kd4 58. Kf4 Kc5
59. Kf5 Kd5 60. Kf6 Kd6 61. Kf7 Kd5 62. Ke7 Ke5 63. Kd7 Kd5 64. Kc7 Kc5 65. Kb7
Kd6 66. Kxb6 Ke7 67. a5 Kd8 68. a6 Kc8 69. a7 Kd8 70. a8=Q+ Ke7 71. Qc6 Kf7 72.
a4 Ke7 73. a5 Kf7 74. a6 Kg7 75. a7 Kf7 76. a8=Q Ke7 77. Qab7+ Kf8 78. Qcc8#
1-0

[Event "Julian Mazur Memorial"]
[Site "Wellington Chess Club"]
[Date "2023.08.10"]
[Round "4.9"]
[White "Hall, Nathan"]
[Black "Stoeveken, Peter"]
[Result "1/2-1/2"]
[WhiteElo "1895"]
[BlackElo "1743"]

1. e4 c5 2. Nc3 Nc6 3. f4 e6 4. Bc4 a6 5. a4 Be7 6. Nf3 Bh4+ 7. g3 Be7 8. O-O
d6 9. d3 Bd7 10. f5 Qc7 11. fxe6 fxe6 12. Ng5 Bxg5 13. Bxg5 Nge7 14. Qh5+ g6
15. Qh4 h6 16. Rf2 Rh7 17. Raf1 O-O-O 18. Bxe7 Nxe7 19. Rf7 g5 20. Qh3 Rxf7 21.
Rxf7 d5 22. Rxe7 dxc4 23. Qxh6 cxd3 24. cxd3 c4 25. Qxg5 cxd3 26. Qe3 Qa5 27.
Rf7 d2 28. Qxd2 Be8 29. Qf2 Bxf7 30. Qxf7 Qc5+ 31. Qf2 Qxf2+ 32. Kxf2 Rd2+ 33.
Ne2 Rxb2 34. h4 e5 35. h5 b5 36. axb5 Rxb5 37. g4 Kd7 38. g5 Ke6 39. Ke3 a5 40.
Nc3 Rb2 41. Kd3 Rh2 42. h6 Kf7 43. Kc4 Kg6 44. Kd5 Rc2 45. Nb5 Kxg5 46. h7 Rh2
47. Kxe5 Rxh7 48. Kd6 Rh6+ 49. Kc5 Rh1 50. Nc3 Kf6 51. Kb5 Ra1 52. Na4 Ke5 53.
Kxa5 Kxe4 54. Kb5 Rc1 55. Nb6 Kd4 56. Nd7 Rc7 57. Nb6 Rc5+ 58. Kb4 Rc1 59. Kb5
Rc7 60. Kb4 Rc5 61. Nd7 Rc7 62. Nb6 Rc1 63. Kb5 Rc2 64. Nd7 Kd5 65. Nb6+ Ke6
66. Nc4 Kf5 1/2-1/2

[Event "Julian Mazur Memorial"]
[Site "Wellington Chess Club"]
[Date "2023.08.10"]
[Round "4.10"]
[White "McConnell, Jack"]
[Black "Tanoi, Edward"]
[Result "1-0"]
[WhiteElo "1640"]
[BlackElo "1934"]

1. e4 c5 2. Nf3 Nc6 3. Nc3 e6 4. d4 cxd4 5. Nxd4 a6 6. Be2 Bb4 $6 {Dubious, in
view of the following line, which either repels black's bishop or gives White
overwhelming control of Black's dark squares.} 7. Nxc6 bxc6 (7... dxc6 8. Qxd8+
Kxd8 9. Bd2 {This line would result in an extremely comfortable endgame for
White.} ) 8. Qd4 Bf8 9. O-O {Not White's most critical option.}  (9. Bf4 $1 d5
10. Na4 Nf6 11. exd5 Nxd5 12. O-O-O) 9... d5 10. Na4 $1 {Covering the important
c5 square.} 10... Bd7 $6 11. b3 $6 {Not a bad move but missing a more critical
line. I spent a long time here trying to come up with a knockout, but
ultimately decided simply not to rush, White's advantage is fairly stable so
there is no need to force things.}  (11. exd5 $1 cxd5 {exd5 seems incredibly
dangerous.} 12. Nb6 Rb8 13. Nxd7 Qxd7 14. Bxa6 {Black is massively behind in
development so there is no hope of compensation for the pawn, especially given
the advance of the queenside pawns will come alongside threats on the king.} )
11... Nf6 12. e5 Ne4 $2 {This loses a piece. Unfortunately e5 simply drives the
knight back to g8, and Black has another misfired attempt to develop.} 13. f3
Ng5 14. h4 h6 15. hxg5 hxg5 16. Nc5 {To me this seemed to be somewhat
inaccurate, creating unnecessary complications, but Stockfish thinks all the
tactics work for White, which figures given the positional dominance.} 16...
Bc8 $6 { Slow. I thought Black's best chance was 16...g4.}  (16... g4 17. g3 $1
{ Unfortunately for Black this move covers all the threats.} 17... gxf3 18.
Bxf3) 17. g3 Rb8 18. Be3 Be7 19. Kg2 a5 20. Rh1 Rg8 21. Rh7 Rb4 $1 {An
excellent attempt to create complications.} 22. Qd3 $6 {Perhaps c4 would have
been simpler.}  (22. c4 f5 23. Rah1 Kf7) 22... d4 23. a3 $6 {23.c3! serves the
same purpose, but is more forcing.}  (23. c3 $1 dxe3 24. cxb4 Qxd3 25. Nxd3
axb4) 23... Rb5 24. Qxd4 {White has to return a little material.} 24... Qxd4
25. Bxd4 Rxc5 (25... Bxc5 26. Bxb5 Bxd4 27. Bxc6+ Ke7 28. Rah1) 26. Bxc5 Bxc5
27. f4 $6 {b4 is the most direct path to a win.}  (27. b4 axb4 28. axb4 Bxb4
29. Ra8 Ke7 30. Ba6 Bc3 31. Rxc8 Rxc8 32. Bxc8 Bxe5) 27... Bd4 28. Rah1 gxf4
29. gxf4 c5 30. Rh8 Kf8 31. Rxg8+ Kxg8 32. Bf3 f6 33. Rd1 Kf7 34. exf6 gxf6 35.
Bc6 Kg6 36. Kf3 Kf7 37. Bb5 e5 38. fxe5 fxe5 39. Ke4 {After some shuffling and
simplification, I was struggling to find the right breakthrough.} 39... Bb7+
40. Kd3 e4+ 41. Kc4 Ke6 (41... e3 42. Rxd4 $4 (42. c3 $1 {This is the correct
approach for White, dislodging the bishop.} 42... Bf6 43. Kxc5 Bf3 44. Re1)
42... e2 43. Rd7+ Kf6 {White cannot stop the pawn from queening.} ) 42. Rxd4 $1
{Finally White has a promising opportunity to sacrifice the exchange.
Crucially, White will manage to pick up more than one pawn for the exchange,
which prevents Black from having an opportunity to sacrifice the bishop for a
pawn to make a draw.} 42... cxd4 43. Kxd4 Kf5 44. Ke3 Ke5 45. c3 Kd5 46. b4
axb4 47. cxb4 Kd6 48. Ba4 Bd5 49. Kd4 Ke6 50. Bc2 Bc6 51. Bxe4 Ba4 52. Kc5 Kd7
53. b5 Kc7 54. Kb4 Bd1 55. a4 Kb6 56. a5+ Ka7 57. b6+ Kb8 58. a6 1-0

[Event "Julian Mazur Memorial"]
[Site "Wellington Chess Club"]
[Date "2023.08.10"]
[Round "4.11"]
[White "Forster, Bill"]
[Black "Stoeveken, Ben"]
[Result "1/2-1/2"]
[WhiteElo "2016"]
[BlackElo "1711"]

1. e4 e5 2. Nf3 Nc6 3. Bb5 d6 4. d3 Nf6 5. c3 a6 6. Ba4 b5 7. Bc2 Be7 8. Nbd2
O-O 9. O-O Re8 10. Re1 Bb7 11. Nf1 Nd7 12. Ne3 Nf8 13. Nf5 Bf6 14. d4 Ne7 15.
Ng3 Neg6 16. Nh5 Nd7 17. Bd2 exd4 18. cxd4 c5 19. Nxf6+ Nxf6 20. d5 Qd7 21. b3
Rac8 22. Bc3 Ng4 23. g3 N4e5 24. Nd2 c4 25. bxc4 Nxc4 26. Nxc4 bxc4 27. Ba4 Qc7
28. Bxe8 Rxe8 29. Qd4 Ne5 30. Kg2 f6 31. Rab1 Nd3 32. Re2 f5 33. f3 Bc8 34. Rb6
fxe4 35. fxe4 Bg4 36. Rc2 Qf7 37. Qxg7+ Qxg7 38. Bxg7 Ne1+ 39. Kf2 Nxc2 40. Bh6
Rxe4 41. Rxd6 Re2+ 42. Kg1 Bh3 43. Rxa6 Nd4 44. Ra8+ Kf7 45. Rf8+ Kg6 46. Rf4
Re1+ 47. Kf2 Rf1+ 48. Ke3 Rxf4 49. Bxf4 Nb5 50. a4 Na3 51. Kd4 Bd7 52. a5 Kf5
53. a6 Bc8 54. a7 Bb7 55. Bb8 c3 56. Kxc3 Bxd5 57. Kd4 Ba8 58. Ke3 Kg4 59. Kd4
Nc2+ 60. Ke5 Ne3 61. Kf6 h5 62. Kg6 Be4+ 63. Kh6 Nf5+ 64. Kg6 Nxg3+ 65. Kh6
Nf5+ 66. Kg6 h4 67. h3+ Kxh3 68. a8=Q Bxa8 69. Kxf5 Kg2 70. Ke6 h3 71. Kd7
1/2-1/2

[Event "Julian Mazur Memorial"]
[Site "Wellington Chess Club"]
[Date "2023.08.10"]
[Round "4.12"]
[White "Jackson, Ross"]
[Black "Ulm, Joy"]
[Result "1-0"]
[WhiteElo "1925"]
[BlackElo "1664"]

1. d4 Nf6 2. c4 e6 3. Nc3 Bb4 4. Nf3 b6 5. e3 O-O 6. Bd3 Bb7 7. O-O c5 8. Bd2
cxd4 9. exd4 d5 10. a3 Be7 11. Be3 Nbd7 12. cxd5 Nxd5 13. Nxd5 Bxd5 14. Ne5 Rc8
15. Qh5 Nf6 16. Qe2 Bb7 17. Rac1 Nd5 18. Rxc8 Qxc8 19. Rc1 Qd8 20. Nc6 Qd6 21.
Nxe7+ Qxe7 22. Qh5 Nf6 23. Qh4 h6 24. Qg3 Kh8 25. Rc7 1-0

[Event "Julian Mazur Memorial"]
[Site "Wellington Chess Club"]
[Date "2023.08.10"]
[Round "4.13"]
[White "Katkodia, Ali"]
[Black "Benitez, Edgar"]
[Result "0-1"]
[WhiteElo "1609"]
[BlackElo "1903"]

1. e4 d5 2. exd5 Nf6 3. c4 e6 4. dxe6 Bxe6 5. Nc3 Bc5 6. Be2 Qd4 7. Nh3 Bxh3 8.
Rf1 Bxg2 9. Nb5 Qd8 10. Rg1 Bc6 11. Rxg7 a6 12. d4 Bb4+ 13. Nc3 Ne4 14. Qd3 Qf6
15. Rg4 Bxc3+ 16. bxc3 Qxf2+ 0-1

[Event "Julian Mazur Memorial"]
[Site "Wellington Chess Club"]
[Date "2023.08.10"]
[Round "4.14"]
[White "Aldridge, Alan"]
[Black "Sova, Leo"]
[Result "1-0"]
[WhiteElo "1894"]
[BlackElo "1645"]

1. d4 d5 2. c4 e6 3. Nc3 Nf6 4. Nf3 c6 5. Bg5 Be7 6. e3 Nbd7 7. Bd3 h6 8. Bh4
O-O 9. O-O b6 10. Rc1 Ba6 11. cxd5 Bxd3 12. Qxd3 Nxd5 13. Bxe7 Qxe7 14. Nxd5
cxd5 15. Rc7 Rfc8 16. Rfc1 Rxc7 17. Rxc7 Qd6 18. Rc3 f6 19. h4 e5 20. Qf5 e4
21. Nh2 Nf8 22. Nf1 Qe6 23. Ng3 Kf7 24. Rc7+ Nd7 25. Rxd7+ 1-0

[Event "Julian Mazur Memorial"]
[Site "Wellington Chess Club"]
[Date "2023.08.10"]
[Round "4.15"]
[White "Keith, Matthew"]
[Black "Marney, John"]
[Result "1-0"]
[WhiteElo "1855"]
[BlackElo "1658"]

1. d4 d5 2. Bf4 c5 3. e3 cxd4 4. exd4 Nf6 5. Nf3 e6 6. Bd3 Be7 7. c3 O-O 8.
Nbd2 Nbd7 9. Qe2 Re8 10. Ne5 Nf8 11. Ndf3 Ng6 12. Nxg6 hxg6 13. h4 Nh5 14. Bd2
e5 15. dxe5 Bd6 16. Be3 Bxe5 17. Nxe5 Rxe5 18. O-O-O Bf5 19. Bxf5 gxf5 20. Qxh5
Qf6 21. Bd4 1-0

[Event "Julian Mazur Memorial"]
[Site "Wellington Chess Club"]
[Date "2023.08.10"]
[Round "4.16"]
[White "Grant, Elliot"]
[Black "Moses, Christopher"]
[Result "0-1"]
[WhiteElo "1200"]
[BlackElo "1879"]

1. e4 c6 2. d4 d5 3. Nc3 dxe4 4. Nxe4 Nf6 5. Nxf6+ exf6 6. Nf3 Bd6 7. Bd3 Bg4
8. h3 Bxf3 9. Qxf3 Nd7 10. O-O O-O 11. Be3 Re8 12. Rfe1 Nf8 13. a4 Qc7 14. c3
Re7 15. Re2 Rae8 16. Rae1 Qa5 17. Bc2 Ng6 18. b4 Qa6 19. Kf1 Qc4 20. Bd2 Bf4
21. Bd3 Qb3 22. Rxe7 Rxe7 23. Rxe7 Bxd2 24. Bxg6 hxg6 25. Qd3 Qd1+ 26. Re1
Qxe1# 0-1

[Event "Julian Mazur Memorial"]
[Site "Wellington Chess Club"]
[Date "2023.08.10"]
[Round "4.17"]
[White "Pollock, Gavin"]
[Black "Ulm, Eric"]
[Result "1-0"]
[WhiteElo "1825"]
[BlackElo "1433"]

1. e4 e6 2. d4 d5 3. e5 c5 4. Nf3 Qb6 5. Bd3 cxd4 6. Nxd4 Bc5 7. c3 Nc6 8. Qg4
g6 9. Bb5 Bd7 10. Bxc6 bxc6 11. Nd2 Nh6 12. Qf4 Nf5 13. Nxf5 exf5 14. O-O O-O
15. Nf3 Rfe8 16. Qh4 Be7 17. Ng5 h5 18. Qg3 c5 19. Re1 Be6 20. Qe3 c4 21. Qg3
Rad8 22. Be3 Qxb2 23. Nxe6 fxe6 24. Qxg6+ Kf8 25. Bh6# 1-0

[Event "Julian Mazur Memorial"]
[Site "Wellington Chess Club"]
[Date "2023.08.10"]
[Round "4.19"]
[White "Tan, Jin"]
[Black "Brockway, Andrew"]
[Result "1/2-1/2"]
[WhiteElo "1236"]
[BlackElo "1675"]

1. e4 c5 2. Nf3 g6 3. d4 cxd4 4. Nxd4 Bg7 5. Be3 Nc6 6. Nc3 Nf6 7. Nxc6 bxc6 8.
Bc4 O-O 9. O-O d6 10. h3 Bb7 11. Bb3 c5 12. e5 Ne4 13. Nxe4 Bxe4 14. exd6 exd6
15. c3 Rc8 16. Bc2 Bb7 17. Rb1 Qc7 18. Bf4 Qc6 19. f3 d5 20. Ba4 Qf6 21. Bd2 d4
22. Qb3 Ba6 23. Rfd1 c4 24. Qc2 d3 25. Qc1 Qb6+ 26. Be3 Qc7 27. Re1 Rfd8 28.
Qd2 Qa5 29. Qd1 Qc7 30. a3 Bf8 31. Qd2 Bc5 32. Bxc5 Qxc5+ 33. Kh1 Qa5 34. Bd1
Re8 35. f4 Rxe1+ 36. Qxe1 Qd8 37. Qd2 Qd7 38. Bg4 f5 39. Bf3 Re8 40. b3 Qe7 41.
bxc4 Bxc4 42. Rb4 Qe6 43. Rb1 Qe7 44. a4 Qe3 45. Qxe3 Rxe3 46. Kg1 d2 47. Kf2
Rxc3 48. Rd1 Ra3 49. Rxd2 Rxa4 50. Bd1 Ra2 51. Rxa2 Bxa2 52. Ke3 Kf7 53. Kd4
Bb1 54. Ke5 Be4 55. g4 Bb1 56. h4 fxg4 57. Bxg4 a5 58. Bd1 Bf5 59. h5 Bd7 60.
hxg6+ hxg6 61. Kd6 Be8 62. Kd5 Kf6 63. Bg4 a4 64. Kc4 a3 65. Kb3 Bf7+ 66. Kxa3
Be6 67. Bd1 Bd5 68. Bc2 Kg7 69. Bxg6 1/2-1/2

[Event "Julian Mazur Memorial"]
[Site "Wellington Chess Club"]
[Date "2023.08.10"]
[Round "4.20"]
[White "Darr, Samuel"]
[Black "Joseph, Joji Chacko"]
[Result "0-1"]
[WhiteElo "1598"]
[BlackElo "1305"]

1. e4 c5 2. Nf3 Nc6 3. d4 cxd4 4. Nxd4 g6 5. Nc3 Bg7 6. Be3 Nf6 7. Be2 O-O 8.
h3 d6 9. f4 e5 10. Nf3 Nh5 11. f5 Nf4 12. g4 Ng2+ 13. Kd2 Nxe3 14. Kxe3 Qb6+
15. Kd2 Qxb2 16. Nb5 Qb4+ 17. c3 Qxe4 18. Nxd6 Rd8 19. Kc1 Qe3+ 20. Kc2 e4 0-1

[Event "Julian Mazur Memorial"]
[Site "Wellington Chess Club"]
[Date "2023.08.10"]
[Round "4.21"]
[White "He, Zachary"]
[Black "Evans, Oliver"]
[Result "0-1"]
[WhiteElo "1150"]
[BlackElo "1571"]

1. e4 e5 2. Nc3 Nf6 3. f4 d6 4. Nf3 Nbd7 5. Bc4 h6 6. d4 exd4 7. Nxd4 Nc5 8. e5
Bg4 9. Nf3 Nfe4 10. Nxe4 Nxe4 11. Qd5 Be6 12. Qxe4 d5 13. Bxd5 Qxd5 14. Qxd5
Bxd5 15. O-O Bc5+ 16. Kh1 O-O-O 17. f5 Bc4 18. Re1 Bf2 19. Re4 Rd1+ 20. Ne1
Bxe1 21. g3 Bd5 0-1

[Event "Julian Mazur Memorial"]
[Site "Wellington Chess Club"]
[Date "2023.08.10"]
[Round "4.23"]
[White "Asher, Bruce"]
[Black "Farrington, Lawrence"]
[Result "0-1"]
[WhiteElo "1206"]
[BlackElo "1506"]

1. e4 e6 2. Bc4 d5 3. exd5 exd5 4. Bb3 Nf6 5. d4 Be7 6. Nf3 Bg4 7. h3 Bh5 8.
Qd3 c6 9. c4 O-O 10. Nc3 Bb4 11. O-O Bg6 12. Qd1 Bxc3 13. bxc3 Ne4 14. cxd5
Nxc3 15. Qe1 Nxd5 16. Bg5 f6 17. Bh4 Bd3 18. Bxd5+ Qxd5 19. Qb4 b6 20. Rfe1 Be4
21. Qc3 Bxf3 22. gxf3 Na6 23. Qa3 Nc7 24. Re4 Nb5 25. Qe3 h6 26. a4 Nd6 27. Re6
Nf5 28. Qe4 Nxh4 29. Rc1 Qg5+ 30. Kf1 Qxc1+ 31. Qe1 Qxe1+ 32. Rxe1 Nxf3 33. Re4
Kf7 34. Kg2 Ng5 35. Re3 Rad8 36. h4 Ne6 37. Kg3 Rxd4 38. Kf3 Rxh4 39. Kg3 Nc5
40. Kxh4 Nxa4 41. f4 Nb2 42. Kh5 c5 43. f5 Nc4 44. Rf3 Ne5 45. Re3 Rd8 46. Ra3
a5 47. Ra4 Rd3 48. Rh4 Rd4 49. Rh3 Rd3 50. Rh4 c4 51. Rh2 c3 0-1

[Event "Julian Mazur Memorial"]
[Site "Wellington Chess Club"]
[Date "2023.08.10"]
[Round "4.24"]
[White "Fairbrother, Rebecca"]
[Black "Lavender, Ariel"]
[Result "0-1"]
[WhiteElo "918"]
[BlackElo "1603"]

1. e4 c5 2. Nf3 d6 3. Nc3 Nc6 4. Bc4 Nf6 5. d4 cxd4 6. Ng5 e6 7. Qd3 dxc3 8.
Qxc3 Nxe4 9. Nxe4 d5 10. Bg5 Qa5 11. Qxa5 Nxa5 12. Bb5+ Bd7 13. Nc3 Bb4 14. O-O
Bxc3 15. Bxd7+ Kxd7 16. Rab1 Be5 17. b3 f6 18. Bd2 Nc6 19. b4 Rhc8 20. a4 Nd4
21. c3 Ne2+ 22. Kh1 Nxc3 23. Rb3 Nxa4 24. Be3 d4 25. Bd2 Rc2 26. Rd3 Nb2 27.
Rh3 Rxd2 28. Rxh7 f5 29. Rb1 Rd1+ 30. Rxd1 Nxd1 31. Kg1 Rc8 32. g3 d3 33. Kg2
d2 34. Rh4 Nb2 35. g4 d1=Q 36. gxf5 Qd5+ 37. f3 Rc2+ 38. Kh3 Qxf3# 0-1

[Event "Julian Mazur Memorial"]
[Site "Wellington Chess Club"]
[Date "2023.08.10"]
[Round "4.26"]
[White "Saglam, Azra Sena"]
[Black "Ravi, Vrajesh"]
[Result "1-0"]
[WhiteElo "1546"]
[BlackElo "1102"]

1. c4 b6 2. Nc3 Bb7 3. e4 Nf6 4. d3 g6 5. g3 Bg7 6. Bg2 O-O 7. Nge2 Nc6 8. O-O
Re8 9. e5 Nxe5 10. Bxb7 Rb8 11. Bg2 a5 12. f4 Nc6 13. d4 d5 14. Nxd5 Nxd5 15.
Bxd5 Nb4 16. Bg2 b5 17. a3 Nc6 18. Bxc6 Rf8 19. cxb5 Rb6 20. d5 e6 21. Nc3 exd5
22. Qxd5 Qxd5 23. Nxd5 Rd8 24. Nxb6 cxb6 25. Re1 Bf8 26. Be3 Re8 27. Bxb6 Rxe1+
28. Rxe1 h5 29. Bxa5 1-0